| 000 | 00455nam a22001577a 4500 | ||
|---|---|---|---|
| 005 | 20251108171739.0 | ||
| 008 | 250721s9999 xx 000 0 ara d | ||
| 082 | 1 | 4 | _a371.73/عبد |
| 100 | 1 | _aعبد القادر، محمد جميل | |
| 245 | 1 | 0 | _aالتربية الرياضية الحديثة / |
| 264 | 1 |
_aبيروت : _bدار الجيل، |
|
| 300 | _a270ص. | ||
| 650 | 1 | 7 | _aالتربية البدنية |
| 942 |
_2ddc _cBK |
||
| 999 |
_c61472 _d61472 |
||